| 000 | 00000nam 2200000zi 4500 |
| 001 | 9.946661 |
| 003 | CaOODSP |
| 005 | 20250115132514 |
| 006 | m o d f |
| 007 | cr bn||||||||| |
| 008 | 250109t19771977onc o f001 0 fre d |
| 022 | |z0700-1312 |
| 040 | |aCaOODSP|bfre|erda|cCaOODSP |
| 043 | |an-cn--- |
| 086 | 1 |aNR24-84/1977F-PDF |
| 245 | 00|aNormes de construction résidentielle Canada 1977 / |cpublié par le Comité associé du Code national du bâtiment, Conseil national de recherches du Canada. |
| 250 | |aQuatrième édition 1977. |
| 264 | 1|aOttawa, Canada : |bConseil national de recherches du Canada, |c1977. |
| 264 | 4|c©1977 |
| 300 | |a1 ressource en ligne (ix, 220 pages) |
| 336 | |atexte|btxt|2rdacontent/fre |
| 337 | |ainformatique|bc|2rdamedia/fre |
| 338 | |aressource en ligne|bcr|2rdacarrier/fre |
| 500 | |aPublié aussi en anglais sous le titre : Residential Standards Canada 1977. |
| 500 | |aÉdition numérisée de l’imprimé [par Conseil national de recherches Canada]. |
| 500 | |a« Première édition 1965, deuxième édition 1970, troisième édition 1975. » |
| 500 | |aComprend un index. |
| 520 | |a« L'édition de 1977 des Normes de construction résidentielle remplace les Normes de construction résidentielle, 1975. Elle a été préparée par le Comité permanent des maisons et petits bâtiments qui est responsable auprès du Comité associé du Code national du bâtiment sous les auspices duquel elle est publiée. Comme pour l'édition de 1975, cette version française des Normes a été rédigée avec l'aide du Comité permanent mixte de terminologie française du CNB/CNPI. La traduction originale a été faite par le Bureau de traduction du Secrétariat d'État. La réalisation d'une traduction qui reflète fidèlement l'esprit de l'édition anglaise s'est avérée une tâche très complexe et très prenante, et le Comité associé tient à exprimer sa gratitude aux personnes qui ont consacré leur temps et leurs efforts à cette fin. Les Normes de construction résidentielle regroupent les exigences relatives aux habitations qui sont contenues dans la partie 9 du Code national du bâtiment du Canada 1977. Ces exigences sont en caractères gras. Il y a également d'autres exigences (en caractères légers) qui dépassent le cadre du Code national du bâtiment et qui sont considérées comme nécessaires pour réglementer la construction résidentielle en vertu de la Loi nationale sur l'Habitation. Lorsqu'il a été nécessaire de changer le libellé des exigences de la partie 9 pour mieux refléter la portée du présent document, les changements ont été faits en caractères légers. Ce document n'a pas été rédigé pour servir de règlement municipal de la construction et lorsque seules les exigences de la partie 9 s'appliquent, il faut chaque fois se reporter au Code national du bâtiment » -- Préface, page vii. |
| 650 | 6|aHabitations|xConstruction|xDroit|zCanada. |
| 650 | 6|aConstruction|xMatériaux|xNormes|zCanada. |
| 650 | 6|aHabitations|xConstruction|xNormes|zCanada. |
| 710 | 2 |aConseil national de recherches Canada. |bComité associé sur le Code national du bâtiment, |eorganisme de publication. |
| 775 | 08|tResidential Standards Canada 1977 / |w(CaOODSP)9.946650 |
| 794 | |tNormes de construction résidentielle 1980 / |w(CaOODSP)9.946682 |
| 795 | |tNormes de construction résidentielle Canada 1975 / |w(CaOODSP)9.946645 |
| 856 | 40|qPDF|s12.6 Mo|uhttps://publications.gc.ca/collections/collection_2025/cnrc-nrc/NR24-84-1977-fra.pdf |
| 986 | |aCNRC n° 15563F |